Creyentes en la sociedad / [por] José Miguel Pero-Sanz

Guardado en:
書目詳細資料
主要作者: Pero-Sanz, José Miguel (autor)
格式: 圖書
叢編:Col. "BAC Popular" (34)
主題:
標簽: 添加標簽
沒有標簽, 成為第一個標記此記錄!

MARC

LEADER 00000nam^a2200000^u^4500
001 000544957
005 20250521000000.0
008 060220s1000^^^^^^^^^^^^r^^^^^000^0^spa^d
009 20260310131339.288
035 |a FMI 000014279 
037 |a Acervo Xavier Clavigero 
096 |a 5.6.6/44/B 
100 |a Pero-Sanz, José Miguel  |e (autor) 
245 1 0 |a Creyentes en la sociedad / [por] José Miguel Pero-Sanz 
264 |a Madrid : BAC, 1981 
300 |a viii, 195 p. 
336 |a texto  |b txt  |2 rdacontenido 
337 |a sin mediación  |b n  |2 rdamedio 
338 |a volumen  |b nc  |2 rdasoporte 
440 0 |a Col. "BAC Popular" (34) 
649 |a XX 
650 |a Hombre y Mundo Actual 
910 |a Fondo Francisco Migoya Covarrubias S.J. 
920 |a Impresos - Libros 
930 |a Fondos Especiales 
905 |a 134 
901 |a SBC07306  |b IT2  |c ESP  |u 20250521 
902 |a https://opac.biblio.iteso.mx/vufind/Record/000544957